[Event "NATO-ch 33rd"]
[Site "Portoroz"]
[Date "2023.09.04"]
[Round "1"]
[White "Kamisli, Yigit"]
[Black "Violini, Paolo"]
[Result "0-1"]
[WhiteElo "1386"]
[BlackElo "1941"]
[PlyCount "52"]
[EventDate "2023.09.04"]
[EventType "swiss"]
[EventRounds "7"]
[EventCountry "SLO"]
[SourceTitle "EXT 2024"]
[Source "ChessBase"]
[SourceDate "2023.10.10"]
[SourceVersion "1"]
[SourceVersionDate "2023.10.10"]
[SourceQuality "1"]

1. d4 e6 2. e4 d5 3. Nd2 Nf6 4. e5 Nfd7 5. Bd3 c5 6. c3 Nc6 7. Ne2 Be7 8. 0-0 Qb6 9. Nf3 cxd4 10. cxd4 f6 11. exf6 Nxf6 12. a3 0-0 13. b4 a6 14. Bb2 Bd7 15. Ne5 Be8 16. Kh1 Bh5 17. f3 Bd6 18. g4 Bxe5 19. dxe5 Nxg4 20. fxg4 Bxg4 21. Qc2 Bf3+ 22. Rxf3 Rxf3 23. Bxh7+ Kh8 24. Bd3 Qe3 25. Rd1 Rf2 26. Bc1 Qf3+ 0-1

[Event "TUR Cup"]
[Site "Denizli"]
[Date "2023.07.21"]
[Round "8"]
[White "Kamisli, Yigit"]
[Black "Kurt, Murat"]
[Result "0-1"]
[WhiteElo "1358"]
[BlackElo "1443"]
[PlyCount "104"]
[EventDate "2023.07.16"]
[EventType "team-tourn"]
[EventRounds "9"]
[EventCountry "TUR"]
[SourceTitle "CBM 215 Extra"]
[Source "ChessBase"]
[SourceDate "2023.09.30"]
[SourceVersion "1"]
[SourceVersionDate "2023.09.30"]
[SourceQuality "1"]

1. e4 c6 2. d4 d5 3. Nc3 dxe4 4. Nxe4 Bf5 5. Ng3 Bg6 6. Nf3 Nf6 7. c3 Nbd7 8. h4 h6 9. h5 Bh7 10. Bd3 Bxd3 11. Qxd3 e6 12. Qe2 Be7 13. Bd2 Qc7 14. Nf1 c5 15. Ne3 0-0-0 16. b4 Ne4 17. bxc5 Nxd2 18. Nxd2 Bf6 19. Ne4 Be7 20. Nc4 Nf6 21. 0-0 Nxe4 22. Qxe4 Rd5 23. Ne5 Bxc5 24. Rfe1 Bb6 25. g4 Kb8 26. Nf3 Rhd8 27. Reb1 f5 28. Qxe6 Qf4 29. Ne5 fxg4 30. Qxg4 Qxg4+ 31. Nxg4 Rxh5 32. Ne3 Rg5+ 33. Kf1 Rf8 34. Ke2 Ba5 35. Rb3 h5 36. Rab1 b6 37. Nc4 Kc7 38. Nxa5 Rxa5 39. R1b2 Raf5 40. Ke3 Rf3+ 41. Ke2 Rxf2+ 42. Ke1 Rf1+ 43. Ke2 R8f2+ 44. Kd3 h4 45. Ke3 Rf3+ 46. Ke4 h3 47. Rh2 g5 48. Rb5 g4 49. Rg5 Rg3 50. Rf5 Rxf5 51. Kxf5 Rg2 52. Rh1 h2 0-1

[Event "TUR Cup"]
[Site "Denizli"]
[Date "2023.07.19"]
[Round "6"]
[White "Kamisli, Yigit"]
[Black "Durmaz, Ferhat"]
[Result "1-0"]
[WhiteElo "1358"]
[BlackElo "1523"]
[PlyCount "230"]
[EventDate "2023.07.16"]
[EventType "team-tourn"]
[EventRounds "9"]
[EventCountry "TUR"]
[SourceTitle "CBM 215 Extra"]
[Source "ChessBase"]
[SourceDate "2023.09.30"]
[SourceVersion "1"]
[SourceVersionDate "2023.09.30"]
[SourceQuality "1"]

1. d4 e6 2. c4 d5 3. Nf3 Nf6 4. g3 Be7 5. Bg2 Nbd7 6. Nbd2 c6 7. Qc2 0-0 8. 0-0 Re8 9. b3 Bd6 10. Bb2 e5 11. cxd5 cxd5 12. dxe5 Nxe5 13. Nd4 Bd7 14. Rac1 Rc8 15. Qb1 Qa5 16. Rxc8 Rxc8 17. Rd1 Ba3 18. Bxa3 Qxa3 19. h3 h6 20. Kh2 Rc3 21. e3 Nd3 22. Ne2 Rc5 23. Qxd3 Bb5 24. Nb1 Bxd3 25. Nxa3 Bxe2 26. Rd2 Ba6 27. Nc2 Rc3 28. Nb4 Rc5 29. Nxa6 bxa6 30. b4 Rb5 31. a3 a5 32. Bf1 Rb7 33. bxa5 Rb3 34. a4 Ra3 35. Bb5 Rc3 36. Kg2 Kf8 37. Kf1 Ke7 38. Ke2 Kd6 39. f3 Kc5 40. Rb2 g5 41. Kd2 Ra3 42. Rc2+ Kb4 43. a6 h5 44. h4 g4 45. fxg4 hxg4 46. Bd3 Nh5 47. Rc7 Nxg3 48. Rxa7 Ra2+ 49. Bc2 Ne4+ 50. Kc1 g3 51. Rxf7 Kc3 52. Rc7+ Kb4 53. Bxe4 dxe4 54. Rg7 Kc3 55. Kb1 Rxa4 56. Rxg3 Rxa6 57. Rh3 Rb6+ 58. Kc1 Kd3 59. h5 Rh6 60. Kd1 Kc3 61. Ke2 Kc2 62. Rh4 Kc3 63. Rh1 Kc4 64. Rc1+ Kd5 65. Rh1 Kc4 66. Kd2 Rd6+ 67. Kc2 Rh6 68. Rh2 Kd5 69. Kc3 Rc6+ 70. Kb4 Rh6 71. Kb5 Ke5 72. Kc5 Rh8 73. h6 Rc8+ 74. Kb4 Rb8+ 75. Kc3 Rc8+ 76. Kd2 Kf6 77. h7 Rh8 78. Kc3 Kg7 79. Kd4 Rd8+ 80. Kxe4 Re8+ 81. Kf4 Rf8+ 82. Kg5 Kh8 83. e4 Re8 84. Kf5 Rf8+ 85. Kg6 Rf2 86. Rh5 Rf6+ 87. Kg5 Ra6 88. Kf5 Rf6+ 89. Ke5 Ra6 90. Kd4 Ra4+ 91. Ke3 Ra3+ 92. Kf4 Ra4 93. Kf5 Ra6 94. e5 Rf6+ 95. Ke4 Re6 96. Kd5 Ra6 97. Rh1 Ra5+ 98. Ke4 Ra4+ 99. Kf5 Ra5 100. Rh5 Rb5 101. Ke4 Ra5 102. Rh2 Ra4+ 103. Kd3 Ra5 104. Ke4 Ra4+ 105. Kf5 Ra5 106. Kf6 Ra6+ 107. e6 Ra7 108. e7 Ra6+ 109. Ke5 Ra5+ 110. Kf6 Ra6+ 111. Kf7 Rf6+ 112. Ke8 Rd6 113. Rf2 Kxh7 114. Kf7 Rh6 115. e8Q Rf6+ 1-0

[Event "TUR Cup"]
[Site "Adapazari"]
[Date "2022.03.31"]
[Round "10"]
[White "Kamisli, Yigit"]
[Black "Gozubuyukoglu, Selami"]
[Result "1/2-1/2"]
[WhiteElo "1426"]
[BlackElo "1731"]
[PlyCount "31"]
[EventDate "2022.03.25"]
[EventType "swiss"]
[EventRounds "11"]
[EventCountry "TUR"]
[SourceTitle "EXT 2023"]
[Source "ChessBase"]
[SourceDate "2022.10.05"]
[SourceVersion "1"]
[SourceVersionDate "2022.10.05"]
[SourceQuality "1"]

1. d4 Nf6 2. Nf3 e6 3. c4 b6 4. g3 Bb7 5. Bg2 Bb4+ 6. Bd2 Bxd2+ 7. Nbxd2 0-0 8. 0-0 d6 9. Qc2 Nbd7 10. e4 e5 11. d5 a5 12. b3 Ng4 13. a3 Qf6 14. Nh4 g6 15. b4 Qe7 16. Qc3 1/2-1/2

[Event "TUR Cup"]
[Site "Adapazari"]
[Date "2022.03.25"]
[Round "1"]
[White "Yazici, Ugur Doga"]
[Black "Kamisli, Yigit"]
[Result "1-0"]
[WhiteElo "2195"]
[BlackElo "1426"]
[PlyCount "99"]
[EventDate "2022.03.25"]
[EventType "swiss"]
[EventRounds "11"]
[EventCountry "TUR"]
[SourceTitle "EXT 2023"]
[Source "ChessBase"]
[SourceDate "2022.10.05"]
[SourceVersion "1"]
[SourceVersionDate "2022.10.05"]
[SourceQuality "1"]

1. e4 e5 2. Nf3 Nc6 3. Nc3 Nf6 4. Bb5 Nd4 5. Bc4 Nxf3+ 6. Qxf3 Be7 7. d3 d6 8. h3 h6 9. Qg3 Nh5 10. Qf3 Nf6 11. Be3 0-0 12. 0-0-0 Be6 13. Qe2 Qd7 14. d4 Bxc4 15. Qxc4 Qc6 16. Qxc6 bxc6 17. dxe5 dxe5 18. f3 Ne8 19. Na4 Nd6 20. Nc5 Bg5 21. Bxg5 hxg5 22. h4 gxh4 23. Rxh4 f6 24. Ne6 Rfc8 25. Nxc7 Rxc7 26. Rxd6 Kf7 27. Rh1 Ke7 28. Rd3 Rd8 29. Rxd8 Kxd8 30. Kd2 Rd7+ 31. Ke2 Kc7 32. Rd1 Rxd1 33. Kxd1 Kd6 34. b4 a6 35. Kd2 c5 36. a3 Kc6 37. c4 Kb6 38. g3 g5 39. Kc3 Kc6 40. Kb3 Kb6 41. Ka4 cxb4 42. axb4 Kc6 43. Ka5 Kb7 44. b5 axb5 45. Kxb5 Kc7 46. Kc5 Kd7 47. Kb6 Kc8 48. Kc6 Kd8 49. Kd6 Ke8 50. Ke6 1-0

[Event "Ankara Ipek Memorial 8th"]
[Site "Ankara"]
[Date "2020.03.07"]
[Round "3"]
[White "Kamisli, Yigit"]
[Black "Alkan, Ferman"]
[Result "0-1"]
[WhiteElo "1393"]
[BlackElo "1858"]
[PlyCount "56"]
[EventDate "2020.03.04"]
[EventType "swiss"]
[EventRounds "7"]
[EventCountry "TUR"]
[SourceTitle "CBM 195 Extra"]
[Source "ChessBase"]
[SourceDate "2020.05.31"]
[SourceVersion "1"]
[SourceVersionDate "2020.05.31"]
[SourceQuality "1"]

1. d4 Nf6 2. Nf3 g6 3. c4 c5 4. g3 Bg7 5. Bg2 0-0 6. 0-0 d6 7. Nc3 Nc6 8. h3 cxd4 9. Nxd4 Bd7 10. Re1 Qc8 11. Kh2 Nxd4 12. Be3 Nc6 13. Rc1 Qd8 14. b3 Rc8 15. Qd2 a6 16. Na4 Qa5 17. Qd1 Qh5 18. f3 Ne5 19. Bf4 Bxa4 20. g4 Qh4 21. bxa4 Nexg4+ 22. fxg4 Nxg4+ 23. Kg1 Qf2+ 24. Kh1 Qxf4 25. hxg4 Be5 26. Kg1 Bd4+ 27. e3 Bxe3+ 28. Rxe3 Qxe3+ 0-1